1539 1028 1572 1664 1705 1775 1740 1288 1090 1511 1011 1304 1914 1154 1342 1334 1114 1580 1240 1206 1307 1988 1841 1237 1081 1167 1322 1753 1721 1835 1805 1945 1532 1606 1769 1718 1793 1122 1982 1565 1107 1156 1204 1665 1816 1988 1668 1541 1456 1973 1959 1300 1396 1385 1782 1441 1682 1318 1505 1811 1482 1943 1730 1351 1629 1410 1014 1339 1132 1788 1674 1803 1826 1241 1104 1652 1850 1737 1077 1765 1412 1294 1886 1836 1358 1932 1853 1388 1856 1008 1681 1546 1256 1109 1371 1040 1049 1209 1968 BCNSPRNW ULIB Ver.6.0+V

เปลี่ยนเป็นภาษาไทย

Change to English
 แสดงรายละเอียดบรรณานุกรม
  กลับหน้าหลัก

Brief Record : Get Marc (ISO 2709) : E-mail record : QR code < ปิดหน้าต่าง
LEADER : 00000nam 2200000uu 4500
001    13399111763
003     ULIB
008    110707s2545||||th 000 0 tha d
020    9744840293
050 04 D781^bส975ท 2545
100 0  สุรพงษ์ บุนนาค
245 10 ทะเลโหด /^cสุรพงษ์ บุนนาค
250    พิมพ์ครั้งที่ 1
260    กรุงเทพฯ :^bสารคดี,^c2545
300    388 หน้า :^bภาพประกอบ ;^c21 ซม.
650  4 นวนิยาย
945    ^p239^l0^i015988
995    ทศพร
999 ^a ใช้งานได้ทุกระบบ
รายการนี้ยังไม่มีแท็ก
คุณยังไม่ได้ล็อกอิน คุณสามารถมีกิจกรรมร่วมกับเว็บไซต์ได้ แต่ต้องล็อกอินก่อน ::
  ล็อกอิน

รายการสื่อสารสนเทศ

ลำดับที่ ประเภท เลขเรียก/บาร์โค้ด สถานที่ สถานะ
- ไม่พบข้อมูล -

รายการใกล้เคียง
    หัวเรื่อง [นวนิยาย]

BibComment


ยังไม่เคยถูกคอมเมนท์

คอมเมนท์ทรัพยากรรายการนี้
  คอมเมนท์: ทะเลโหด สุรพงษ์ ..


 Copyright 2026. Bcnsprnw @Library